01974nam a2200349 a 4500001001000000003000900010005001700019007000300036008003600039040003400075049000600109082002600115110006300141245010500204264006200309300004400371336002700415337003300442338002800475505041000503590002600913650004600939650005700985700004101042710010201083910004001185942001201225952012001237952012501357952012501482999001701607000015089DO-SdBPM20251010133510.0ta100201s2006 dr a 001 0 spa d aDO-SdBNPbspacBPMSU erdad  a  4a304.6bR426c 20062221 aRepública Dominicana.bOficina Nacional de Estadística10aConceptos demográficos básicos definiciones y fórmulas /ccoordinación: Carmen Julia Gómez aSanto Domingo :bOficina Nacional de Estadística,c2006 a115 páginasbilustración ;c21 cm. atextobtxt2rdacontent asin mediaciónbn2rdamedia avolumenbnc2rdacarrier0 aAcerca de la publicación 9 -- Conceptos demográficos 11 -- Producción de información sociodemográfica 19 -- Los instrumentos demográficos 23 -- Urbanización y distribución de la población 27 -- Composición por edad y sexo 37 -- Comparación de poblaciones 43 -- Migración 45 -- Fecundidad 51 -- Mortalidad 67 -- Morbilidad 77 -- Hogares y familias 81 -- Población y políticas 89 aInventariado, 2025/VM 7aDemografía zRepública Dominicana2  7aPoblaciónzRepública DominicanavEstadísticas 1 a Gómez, Carmen Juliaecolaborador 1 aRepública Dominicana. bSecretaría de Estado de Economía, Planificación y Desarrollo. b  aVMateo V. Control de calidad. BPMSU 2ddccBK 00102ddc708CDaBPMETbBPMETd2025-10-10l0oBPMSU CD 304.6 R426c 2006pBPMSU25100019r2025-10-10w2025-10-10yBK 00102ddc708CDaBPMETbBPMETd2025-10-10l0oBPMSU CD 304.6 R426c 2006pBPMSU25100020r2025-10-10te.2w2025-10-10yBK 00102ddc708CDaBPMETbBPMETd2025-10-10l0oBPMSU CD 304.6 R426c 2006pBPMSU25100021r2025-10-10te.3w2025-10-10yBK c15431d15431